| 000 | 00764nam a2200217 a 4500 | ||
|---|---|---|---|
| 999 |
_c7204 _d7204 |
||
| 001 | 7204 | ||
| 003 | BD-JhCC | ||
| 005 | 20180206121915.0 | ||
| 008 | 180206s2002 bg |||| || | 000 0 ben d | ||
| 035 | _a(BD-JhCC)7204 | ||
| 040 |
_aBD-JhCC _dBD-JhCC |
||
| 041 | _aben | ||
| 082 |
_a307.95492 _bBHU 2002 |
||
| 100 | _aভূঁইয়া, গোলাম কিবরিয়া | ||
| 245 |
_aবাংলাদেশের সমাজ, রাজনীতি ও সস্কৃতি / _cগোলাম কিবরিয়া ভূঁইয়া, |
||
| 260 |
_aঢাকা : _bঅ্যাডর্ন পাবলিকেশন, _c2002 |
||
| 300 |
_a160 p. : _c22 cm. |
||
| 650 |
_aSocio Cultural _zBangladesh |
||
| 942 |
_2ddc _cBK |
||